[Event "Bizkaia-ch"]
[Site "Bilbao"]
[Date "2018.11.24"]
[Round "6"]
[White "Torres Novalbos, David"]
[Black "Valdezate Suarez, Fernando"]
[Result "0-1"]
[WhiteElo "2023"]
[BlackElo "1890"]
[PlyCount "70"]
[EventDate "2018.10.20"]
[EventType "swiss"]
[EventRounds "6"]
[EventCountry "ESP"]
[SourceTitle "CBM 187 Extra"]
[Source "ChessBase"]
[SourceDate "2018.11.04"]
[SourceVersion "1"]
[SourceVersionDate "2018.11.04"]
[SourceQuality "1"]

1. e4 g6 2. d4 Bg7 3. Nc3 c6 4. g3 d5 5. exd5 cxd5 6. Bg2 e6 7. Nf3 Nf6 8. 0-0 0-0 9. Bf4 a6 10. Ne2 b5 11. Nc1 Nc6 12. Nd3 Ne4 13. Nde5 Nxe5 14. Nxe5 Bb7 15. a4 g5 16. Be3 f5 17. f4 g4 18. Nd3 Bc6 19. Bxe4 dxe4 20. Nc5 Bd5 21. Qd2 Qe7 22. axb5 axb5 23. Ra5 Ra7 24. Qb4 Bc6 25. Rf2 Rfa8 26. Rxa7 Qxa7 27. Nb3 Rd8 28. Rd2 Qa2 29. Nc1 Qb1 30. Rf2 Rxd4 31. Qe1 Qxb2 32. c3 Qxc3 33. Qxc3 Rd1+ 34. Kg2 Bxc3 35. Rc2 b4 0-1

[Event "Bizkaia-ch"]
[Site "Bilbao"]
[Date "2018.10.27"]
[Round "2"]
[White "Torres Novalbos, David"]
[Black "Urbieta Gabancho, Koldo"]
[Result "1-0"]
[WhiteElo "2023"]
[BlackElo "1822"]
[PlyCount "91"]
[EventDate "2018.10.20"]
[EventType "swiss"]
[EventRounds "6"]
[EventCountry "ESP"]
[SourceTitle "CBM 187 Extra"]
[Source "ChessBase"]
[SourceDate "2018.11.04"]
[SourceVersion "1"]
[SourceVersionDate "2018.11.04"]
[SourceQuality "1"]

1. e4 c5 2. Nf3 g6 3. c3 Bg7 4. d4 cxd4 5. cxd4 d5 6. e5 Nc6 7. Be2 Nh6 8. h3 0-0 9. Bf4 f6 10. Qd2 Nf7 11. exf6 exf6 12. Nc3 Bf5 13. 0-0 g5 14. Bg3 Be4 15. Nh2 Nd6 16. Rfd1 Nf5 17. Nxe4 dxe4 18. d5 Ncd4 19. Bg4 Nxg3 20. Qxd4 f5 21. Qe3 fxg4 22. Qxg3 gxh3 23. Qxh3 Kh8 24. Qe3 Re8 25. Nf1 Qd6 26. Rd2 Be5 27. g3 Qf6 28. Qb3 Re7 29. Re1 Bd6 30. Rde2 Rae8 31. Nd2 Qd4 32. Qc3 Qxc3 33. bxc3 e3 34. Rxe3 Rxe3 35. Rxe3 Rxe3 36. fxe3 Bxg3 37. Ne4 Be5 38. Nxg5 Bxc3 39. d6 Kg8 40. d7 Ba5 41. Ne6 b5 42. d8Q+ Bxd8 43. Nxd8 a5 44. Nc6 a4 45. a3 Kf7 46. Nd4 1-0

[Event "San Sebastian op 39th"]
[Site "San Sebastian"]
[Date "2016.03.22"]
[Round "5"]
[White "Huerga Leache, Mikel"]
[Black "Torres Novalbos, David"]
[Result "1-0"]
[WhiteElo "2450"]
[BlackElo "1971"]
[PlyCount "53"]
[EventDate "2016.03.19"]
[EventType "swiss"]
[EventRounds "9"]
[EventCountry "ESP"]
[SourceTitle "CBM 171 Extra"]
[Source "ChessBase"]
[SourceDate "2016.04.26"]
[SourceVersion "1"]
[SourceVersionDate "2016.04.26"]
[SourceQuality "1"]

1. Nf3 d5 2. c4 e6 3. g3 c6 4. b3 Nf6 5. Bg2 Nbd7 6. Bb2 Bd6 7. Nc3 Qe7 8. 0-0 0-0 9. Qc2 b6 10. cxd5 exd5 11. Nd4 Bb7 12. Nf5 Qe6 13. Bh3 Ne8 14. Rac1 Rd8 15. Kg2 Qg6 16. Nd1 c5 17. d4 Kh8 18. Nxd6 Qxd6 19. Ne3 c4 20. Nf5 Qc7 21. Ba3 Rg8 22. Kg1 b5 23. Bg2 Nef6 24. bxc4 bxc4 25. Qd2 g6 26. Nd6 Nf8 27. Qf4 1-0

[Event "Bizkaia-chB"]
[Site "Zornotza"]
[Date "2006.10.21"]
[Round "1"]
[White "Torres Novalbos, David"]
[Black "Mendez Nunez, Jose Antonio"]
[Result "1-0"]
[WhiteElo "1952"]
[BlackElo "1870"]
[PlyCount "103"]
[EventDate "2006.10.21"]
[EventType "swiss"]
[EventRounds "6"]
[EventCountry "ESP"]
[SourceTitle "EXT 2018"]
[Source "ChessBase"]
[SourceDate "2017.10.13"]
[SourceVersion "1"]
[SourceVersionDate "2017.10.13"]
[SourceQuality "1"]

1. Nf3 d5 2. d4 Bf5 3. c4 c6 4. e3 Na6 5. Qb3 Qb6 6. Bd2 e6 7. c5 Qxb3 8. axb3 Bxb1 9. Rxb1 Nb8 10. Bd3 Nf6 11. b4 h6 12. b5 Be7 13. Ra1 Nfd7 14. b4 cxb5 15. Bxb5 0-0 16. Ke2 Bf6 17. Bc3 a6 18. Ra3 Rc8 19. Rha1 Be7 20. Kd3 Rc7 21. Bxd7 Nxd7 22. b5 Kh7 23. bxa6 bxa6 24. Rxa6 Rxa6 25. Rxa6 Bxc5 26. Ra8 Ba7 27. Ba5 Rb7 28. Nd2 f6 29. Kc3 Bb8 30. h3 Bc7 31. Nb3 Bxa5+ 32. Rxa5 Nb6 33. Nc5 Rc7 34. Ra6 Nd7 35. Kb4 e5 36. Rd6 Nxc5 37. dxc5 Kg6 38. Kb5 Rb7+ 39. Kc6 Rb2 40. Kxd5 Rxf2 41. c6 Rc2 42. Ke6 Rxg2 43. e4 Rc2 44. Kd7 Kg5 45. c7 Kf4 46. Rc6 Rxc6 47. Kxc6 Kxe4 48. c8Q f5 49. Kd6 Kf4 50. Qc1+ Kg3 51. Qc3+ Kh4 52. Kxe5 1-0